[Event "Moscow Region-ch op"]
[Site "Moscow"]
[Date "2009.08.04"]
[Round "9"]
[White "Umansky, Vladimir"]
[Black "Vakhlamov, Igor L"]
[Result "0-1"]
[WhiteElo "2320"]
[BlackElo "2207"]
[PlyCount "78"]
[EventDate "2009.07.29"]
[EventType "swiss"]
[EventRounds "10"]
[EventCountry "RUS"]
[SourceTitle "CBM 131 Extra"]
[Source "ChessBase"]
[SourceDate "2009.09.03"]
[SourceVersion "2"]
[SourceVersionDate "2009.09.16"]
[SourceQuality "1"]

1. d4 d5 2. c4 c6 3. Nf3 Nf6 4. Nc3 a6 5. e3 b5 6. c5 a5 7. a3 Bg4 8. Be2 Nbd7 9. Bd2 Qc7 10. b4 a4 11. 0-0 Rb8 12. e4 Nxe4 13. Nxe4 dxe4 14. Ng5 Bf5 15. f3 e3 16. Bxe3 Nf6 17. Ne4 e6 18. Nxf6+ gxf6 19. d5 cxd5 20. Qd4 Be7 21. g4 Rg8 22. Bf2 Qc6 23. Bg3 e5 24. Bxe5 fxe5 25. Qxe5 Qc8 26. Rfe1 Be6 27. f4 Kf8 28. f5 Bxf5 29. Bf3 Be6 30. Bxd5 Rxg4+ 31. Kh1 Rg5 32. Qh8+ Rg8 33. Qe5 Bxd5+ 34. Qxd5 Qc7 35. Rf1 Rg7 36. Rf5 Rd8 37. Qf3 Kg8 38. Rf1 Bf8 39. c6 Rd2 0-1

[Event "Moscow Region-ch op"]
[Site "Moscow"]
[Date "2009.08.03"]
[Round "7"]
[White "Krapivin, Alexander"]
[Black "Umansky, Vladimir"]
[Result "1-0"]
[WhiteElo "2502"]
[BlackElo "2320"]
[PlyCount "59"]
[EventDate "2009.07.29"]
[EventType "swiss"]
[EventRounds "10"]
[EventCountry "RUS"]
[SourceTitle "CBM 131 Extra"]
[Source "ChessBase"]
[SourceDate "2009.09.03"]
[SourceVersion "2"]
[SourceVersionDate "2009.09.16"]
[SourceQuality "1"]

1. e4 c5 2. Nc3 Nc6 3. g3 g6 4. Bg2 Bg7 5. d3 Rb8 6. Be3 d6 7. Qd2 b5 8. f4 b4 9. Nd1 e6 10. Nf3 Nge7 11. 0-0 0-0 12. c3 Qa5 13. h3 d5 14. e5 bxc3 15. bxc3 Ba6 16. Bf2 Rfd8 17. g4 d4 18. c4 Qa3 19. Bh4 Rd7 20. Ng5 Nb4 21. Nf2 Bb7 22. Bxb7 Rdxb7 23. Nge4 Nbc6 24. Nd1 Rb1 25. Rxb1 Rxb1 26. Qe2 Ra1 27. Qf3 Qa6 28. Nxc5 Qc8 29. Qg2 Bf8 30. Nb3 1-0

[Event "Moscow Region-ch op"]
[Site "Moscow"]
[Date "2009.08.02"]
[Round "6"]
[White "Umansky, Vladimir"]
[Black "Kovalev, Vladislav"]
[Result "1/2-1/2"]
[WhiteElo "2320"]
[BlackElo "2307"]
[PlyCount "44"]
[EventDate "2009.07.29"]
[EventType "swiss"]
[EventRounds "10"]
[EventCountry "RUS"]
[SourceTitle "CBM 131 Extra"]
[Source "ChessBase"]
[SourceDate "2009.09.03"]
[SourceVersion "2"]
[SourceVersionDate "2009.09.16"]
[SourceQuality "1"]

1. d4 Nf6 2. c4 g6 3. Nc3 Bg7 4. e4 d6 5. f4 0-0 6. Be2 c5 7. d5 e6 8. Nf3 exd5 9. cxd5 Bg4 10. 0-0 Re8 11. h3 Bxf3 12. Bxf3 Nbd7 13. a4 a6 14. Be3 c4 15. Re1 Qa5 16. Kh1 Rac8 17. Qd2 Nc5 18. Bxc5 Qxc5 19. e5 dxe5 20. fxe5 Nd7 21. Bg4 Nxe5 22. Bxc8 Rxc8 1/2-1/2

[Event "Lipetsk King's Gambit op 3rd"]
[Site "Lipetsk"]
[Date "2009.06.29"]
[Round "7"]
[White "Umansky, Vladimir"]
[Black "Skomorohov, Grigorij"]
[Result "1-0"]
[WhiteElo "2315"]
[BlackElo "2136"]
[PlyCount "41"]
[EventDate "2009.06.23"]
[EventType "swiss"]
[EventRounds "9"]
[EventCountry "RUS"]
[SourceTitle "EXT 2022"]
[Source "ChessBase"]
[SourceDate "2021.10.06"]
[SourceVersion "1"]
[SourceVersionDate "2021.10.06"]
[SourceQuality "1"]

1. d4 d5 2. c4 e6 3. Nc3 f5 4. Bf4 c6 5. e3 Nf6 6. Nf3 Be7 7. Bd3 0-0 8. Qc2 Bd7 9. h3 Na6 10. a3 Qa5 11. 0-0 Ne4 12. b4 Qd8 13. b5 dxc4 14. Bxe4 fxe4 15. bxa6 exf3 16. axb7 Rb8 17. Bxb8 Qxb8 18. Rab1 fxg2 19. Kxg2 Bxa3 20. Ne4 Rf5 21. Qxc4 1-0

[Event "Lipetsk King's Gambit op 3rd"]
[Site "Lipetsk"]
[Date "2009.06.24"]
[Round "2"]
[White "Dulin, Anatoliy"]
[Black "Umansky, Vladimir"]
[Result "0-1"]
[WhiteElo "1951"]
[BlackElo "2315"]
[PlyCount "58"]
[EventDate "2009.06.23"]
[EventType "swiss"]
[EventRounds "9"]
[EventCountry "RUS"]
[SourceTitle "EXT 2022"]
[Source "ChessBase"]
[SourceDate "2021.10.06"]
[SourceVersion "1"]
[SourceVersionDate "2021.10.06"]
[SourceQuality "1"]

1. d4 Nf6 2. c4 g6 3. Nf3 Bg7 4. Nc3 0-0 5. g3 d6 6. Bg2 Nbd7 7. 0-0 e5 8. e4 exd4 9. Nxd4 Re8 10. Re1 Nc5 11. f3 c6 12. Be3 a5 13. Qc2 a4 14. Rad1 Qa5 15. Rd2 Nfd7 16. f4 a3 17. b3 Na6 18. Red1 Ndc5 19. Nde2 Bg4 20. Re1 Nb4 21. Qb1 Nbd3 22. Rxd3 Nxd3 23. Qxd3 Bxe2 24. Rxe2 Qxc3 25. Qxd6 Red8 26. Qc7 Rd1+ 27. Bf1 Bd4 28. Bf2 Qf3 29. Rc2 Rxf1+ 0-1

[Event "Belgorod Rector Cup 5th"]
[Site "Belgorod"]
[Date "2009.03.16"]
[Round "8"]
[White "Gavrish, Leonid"]
[Black "Umansky, Vladimir"]
[Result "1/2-1/2"]
[WhiteElo "2132"]
[BlackElo "2328"]
[PlyCount "115"]
[EventDate "2009.03.09"]
[EventType "tourn"]
[EventRounds "9"]
[EventCountry "RUS"]
[EventCategory "6"]
[SourceTitle "EXT 2010"]
[Source "ChessBase"]
[SourceDate "2010.11.25"]
[SourceVersion "1"]
[SourceVersionDate "2010.11.25"]
[SourceQuality "1"]

1. d4 Nf6 2. c4 g6 3. Nc3 Bg7 4. e4 d6 5. Nf3 0-0 6. Be2 Na6 7. 0-0 e5 8. Be3 Qe8 9. d5 Ng4 10. Bd2 f5 11. Ne1 Nf6 12. f3 f4 13. Nd3 g5 14. Nf2 h5 15. h3 Qg6 16. a3 Rf7 17. b4 Bf8 18. Ra2 Rg7 19. Bc1 Be7 20. Rc2 Kh8 21. Bb2 Bd7 22. c5 g4 23. fxg4 hxg4 24. Nxg4 Nxg4 25. Bxg4 Bxg4 26. Qxg4 Qxg4 27. hxg4 Rxg4 28. Rf3 dxc5 29. b5 Nb8 30. Ne2 Nd7 31. Nxf4 Rf8 32. Rcf2 Kg8 33. Ne6 Rxf3 34. Rxf3 Bd6 35. Bc1 Nf8 36. Kf2 Nxe6 37. dxe6 Rg6 38. Rf5 Rxe6 39. Bb2 c4 40. Kf3 Bc5 41. Rxe5 Rxe5 42. Bxe5 Bxa3 43. Ke3 Kf7 44. Bxc7 Bc5+ 45. Kd2 Bd4 46. Bf4 Kf6 47. g4 a5 48. bxa6 bxa6 49. Kc2 a5 50. Bd2 a4 51. Bc3 Bxc3 52. Kxc3 a3 53. Kc2 Ke6 54. Kc3 Ke5 55. g5 Ke6 56. Kc2 Ke5 57. Kc3 Ke6 58. Kc2 1/2-1/2

[Event "Belgorod Rector Cup 5th"]
[Site "Belgorod"]
[Date "2009.03.12"]
[Round "4"]
[White "Efanov, Nikolai Aleksandrov"]
[Black "Umansky, Vladimir"]
[Result "1/2-1/2"]
[WhiteElo "2411"]
[BlackElo "2328"]
[PlyCount "47"]
[EventDate "2009.03.09"]
[EventType "tourn"]
[EventRounds "9"]
[EventCountry "RUS"]
[EventCategory "6"]
[SourceTitle "EXT 2010"]
[Source "ChessBase"]
[SourceDate "2010.11.25"]
[SourceVersion "1"]
[SourceVersionDate "2010.11.25"]
[SourceQuality "1"]

1. e4 c5 2. Nf3 Nc6 3. d4 cxd4 4. Nxd4 e5 5. Nb5 d6 6. c4 Be7 7. N1c3 a6 8. Na3 Nf6 9. Nc2 0-0 10. Bd3 Bg4 11. f3 Be6 12. Be3 Rc8 13. Nd5 Nd7 14. 0-0 Bg5 15. Bf2 Ne7 16. Nce3 Nb6 17. Qb3 Nd7 18. Qa3 Nc5 19. Rfd1 Nxd5 20. cxd5 Bd7 21. Bf1 g6 22. Nc4 Bb5 23. Na5 Qd7 24. Qb4 1/2-1/2

[Event "Dubna op"]
[Site "Dubna"]
[Date "2007.08.10"]
[Round "12"]
[White "Gulkov, Igor A"]
[Black "Umansky, Vladimir"]
[Result "1/2-1/2"]
[WhiteElo "2355"]
[BlackElo "2343"]
[PlyCount "21"]
[EventDate "2007.08.02"]
[EventType "swiss"]
[EventRounds "14"]
[EventCountry "RUS"]
[SourceTitle "EXT 2008"]
[Source "ChessBase"]
[SourceDate "2007.11.25"]
[SourceVersion "1"]
[SourceVersionDate "2007.11.25"]
[SourceQuality "1"]

1. Nf3 Nf6 2. c4 g6 3. Nc3 Bg7 4. e4 d6 5. d4 0-0 6. Be2 e5 7. dxe5 dxe5 8. Qxd8 Rxd8 9. Nd5 Nxd5 10. cxd5 c6 11. Bc4 1/2-1/2

[Event "Dubna op"]
[Site "Dubna"]
[Date "2007.08.08"]
[Round "9"]
[White "Barlakov, Arsalan"]
[Black "Umansky, Vladimir"]
[Result "1/2-1/2"]
[WhiteElo "2253"]
[BlackElo "2343"]
[PlyCount "121"]
[EventDate "2007.08.02"]
[EventType "swiss"]
[EventRounds "14"]
[EventCountry "RUS"]
[SourceTitle "EXT 2008"]
[Source "ChessBase"]
[SourceDate "2007.11.25"]
[SourceVersion "1"]
[SourceVersionDate "2007.11.25"]
[SourceQuality "1"]

1. e4 c5 2. Nf3 Nc6 3. Bb5 e6 4. Bxc6 bxc6 5. 0-0 Ne7 6. d3 Ng6 7. Nc3 e5 8. h3 Be7 9. Be3 0-0 10. Ne2 d6 11. Nh2 f5 12. f4 Be6 13. exf5 Bxf5 14. g4 Bd7 15. f5 Nh4 16. Ng3 g6 17. Kh1 gxf5 18. gxf5 Kh8 19. Qh5 Qe8 20. f6 Rxf6 21. Rxf6 Bxf6 22. Rf1 Qxh5 23. Nxh5 Be7 24. Rf7 Nf5 25. Bg5 Rf8 26. Rxe7 Nxe7 27. Bxe7 Rf2 28. Bxd6 Bxh3 29. Bxe5+ Kg8 30. Nf4 Bf5 31. c4 Rd2 32. Nf3 Rd1+ 33. Kg2 Bxd3 34. Nxd3 Rxd3 35. Bb8 Rd7 36. Be5 Kf7 37. Kg3 Ke6 38. Bc3 Kf5 39. Ne5 Rd6 40. Kh4 Re6 41. Nd7 Re4+ 42. Kg3 Rxc4 43. Kh3 Ke4 44. Nf6+ Kd3 45. Be5 Ra4 46. a3 c4 47. Nd7 Ra5 48. Bc3 Rxa3 49. Ne5+ Kc2 50. Nxc6 Rxc3+ 51. bxc3 Kxc3 52. Nxa7 Kb4 53. Nc6+ Kc5 54. Ne5 c3 55. Nd3+ Kd4 56. Nc1 c2 57. Kh4 Kc3 58. Kh5 Kd2 59. Nb3+ Kc3 60. Nc1 Kb2 61. Nd3+ 1/2-1/2

[Event "Dubna op"]
[Site "Dubna"]
[Date "2007.08.07"]
[Round "6"]
[White "Umansky, Vladimir"]
[Black "Orlinkov, Maxim L"]
[Result "1/2-1/2"]
[WhiteElo "2343"]
[BlackElo "2388"]
[PlyCount "31"]
[EventDate "2007.08.02"]
[EventType "swiss"]
[EventRounds "14"]
[EventCountry "RUS"]
[SourceTitle "EXT 2008"]
[Source "ChessBase"]
[SourceDate "2007.11.25"]
[SourceVersion "1"]
[SourceVersionDate "2007.11.25"]
[SourceQuality "1"]

1. e4 e5 2. Nf3 Nf6 3. Nc3 Nc6 4. d4 exd4 5. Nxd4 Bb4 6. Nxc6 bxc6 7. Bd3 d5 8. exd5 cxd5 9. 0-0 0-0 10. Bg5 c6 11. Qf3 Bd6 12. Rfe1 Rb8 13. Rab1 h6 14. Bxf6 Qxf6 15. Qxf6 gxf6 16. Ne2 1/2-1/2

[Event "Tula Afromeev Memorial"]
[Site "Tula"]
[Date "2004.07.14"]
[Round "12"]
[White "Sambuev, Bator"]
[Black "Umansky, Vladimir"]
[Result "1-0"]
[WhiteElo "2562"]
[BlackElo "2338"]
[PlyCount "49"]
[EventDate "2004.07.07"]
[EventType "tourn"]
[EventRounds "15"]
[EventCountry "RUS"]
[EventCategory "8"]
[SourceTitle "EXT 2006"]
[Source "ChessBase"]
[SourceDate "2005.11.24"]
[SourceVersion "1"]
[SourceVersionDate "2005.11.24"]
[SourceQuality "1"]

1. d4 Nf6 2. c4 g6 3. Nc3 d5 4. cxd5 Nxd5 5. Bd2 Bg7 6. e4 Nxc3 7. Bxc3 0-0 8. Bc4 c5 9. d5 Bxc3+ 10. bxc3 b5 11. Bxb5 Qa5 12. Qd3 Nd7 13. Nf3 Rb8 14. Bxd7 Bxd7 15. 0-0 Rb2 16. Ne5 Bb5 17. c4 Ba6 18. Nc6 Qc7 19. Qa3 Qb6 20. Nxe7+ Kg7 21. Nc6 f6 22. Qc3 Re2 23. Rab1 Qc7 24. Rfe1 Rxa2 25. e5 1-0

[Event "Tula Afromeev Memorial"]
[Site "Tula"]
[Date "2004.07.12"]
[Round "8"]
[White "Khruschiov, Alexey"]
[Black "Umansky, Vladimir"]
[Result "1-0"]
[WhiteElo "2440"]
[BlackElo "2338"]
[PlyCount "66"]
[EventDate "2004.07.07"]
[EventType "tourn"]
[EventRounds "15"]
[EventCountry "RUS"]
[EventCategory "8"]
[SourceTitle "EXT 2006"]
[Source "ChessBase"]
[SourceDate "2005.11.24"]
[SourceVersion "1"]
[SourceVersionDate "2005.11.24"]
[SourceQuality "1"]

1. e4 c5 2. Nf3 Nc6 3. d4 cxd4 4. Nxd4 e5 5. Nb5 d6 6. c4 Be7 7. Be2 Nf6 8. N1c3 a6 9. Na3 0-0 10. 0-0 Be6 11. Be3 Rc8 12. Qd2 h6 13. Rac1 Ng4 14. Bxg4 Bxg4 15. f3 Be6 16. Rfd1 Bg5 17. b3 Nd4 18. Nc2 Nxc2 19. Rxc2 Rc6 20. a4 Bxe3+ 21. Qxe3 Qa5 22. Nd5 Bxd5 23. Rxd5 Qb4 24. Rcd2 Re8 25. h4 Re6 26. Kh2 Kf8 27. Qd3 Rf6 28. h5 Re6 29. f4 Ke8 30. f5 Re7 31. g4 g6 32. Kg3 Kf8 33. Kh4 Kg7 1-0

[Event "Tula Afromeev Memorial"]
[Site "Tula"]
[Date "2004.07.12"]
[Round "9"]
[White "Umansky, Vladimir"]
[Black "Novikov, Maxim"]
[Result "0-1"]
[WhiteElo "2338"]
[BlackElo "2498"]
[PlyCount "58"]
[EventDate "2004.07.07"]
[EventType "tourn"]
[EventRounds "15"]
[EventCountry "RUS"]
[EventCategory "8"]
[SourceTitle "EXT 2006"]
[Source "ChessBase"]
[SourceDate "2005.11.24"]
[SourceVersion "1"]
[SourceVersionDate "2005.11.24"]
[SourceQuality "1"]

1. d4 d5 2. c4 e6 3. Nf3 Nf6 4. Nc3 c6 5. e3 Nbd7 6. Bd3 dxc4 7. Bxc4 b5 8. Bd3 a6 9. 0-0 c5 10. a3 Bb7 11. Qe2 Rc8 12. Rd1 Qc7 13. e4 cxd4 14. Nxd4 Bd6 15. h3 0-0 16. Be3 Nc5 17. Bg5 Be5 18. Bc2 Rfd8 19. Nf3 Rxd1+ 20. Rxd1 Bxc3 21. bxc3 Ncxe4 22. Bxf6 Nxf6 23. Rd3 Be4 24. Re3 Bxc2 25. Qxc2 Nd5 26. Rd3 Nxc3 27. Ng5 Nd5 28. Rc3 Qxc3 29. Qxh7+ Kf8 0-1

[Event "Tula Afromeev Memorial"]
[Site "Tula"]
[Date "2004.07.11"]
[Round "7"]
[White "Umansky, Vladimir"]
[Black "Novikov, Stanislav"]
[Result "0-1"]
[WhiteElo "2338"]
[BlackElo "2530"]
[PlyCount "38"]
[EventDate "2004.07.07"]
[EventType "tourn"]
[EventRounds "15"]
[EventCountry "RUS"]
[EventCategory "8"]
[SourceTitle "EXT 2006"]
[Source "ChessBase"]
[SourceDate "2005.11.24"]
[SourceVersion "1"]
[SourceVersionDate "2005.11.24"]
[SourceQuality "1"]

1. e4 c6 2. d4 g6 3. Nf3 Bg7 4. c3 d6 5. Bd3 Nf6 6. a4 0-0 7. 0-0 Nbd7 8. Na3 Qc7 9. Re1 e5 10. Bg5 Re8 11. h3 b6 12. Qd2 Bb7 13. Bh6 Rad8 14. Bxg7 Kxg7 15. Rad1 d5 16. dxe5 Nxe5 17. Nxe5 dxe4 18. Qg5 Qxe5 19. Qh4 g5 0-1

[Event "Tula Afromeev Memorial"]
[Site "Tula"]
[Date "2004.07.10"]
[Round "5"]
[White "Umansky, Vladimir"]
[Black "Teterev, Vitaly"]
[Result "1-0"]
[WhiteElo "2338"]
[BlackElo "2486"]
[PlyCount "79"]
[EventDate "2004.07.07"]
[EventType "tourn"]
[EventRounds "15"]
[EventCountry "RUS"]
[EventCategory "8"]
[SourceTitle "EXT 2006"]
[Source "ChessBase"]
[SourceDate "2005.11.24"]
[SourceVersion "1"]
[SourceVersionDate "2005.11.24"]
[SourceQuality "1"]

1. e4 c5 2. c3 d6 3. Nf3 Nf6 4. Be2 g6 5. 0-0 Bg7 6. d3 0-0 7. h3 Nc6 8. Be3 e5 9. a3 a5 10. a4 b6 11. Na3 d5 12. Bg5 Be6 13. Nb5 Qd7 14. Nd2 Ne8 15. Bf3 h6 16. Bh4 d4 17. cxd4 Nxd4 18. Nxd4 cxd4 19. b3 Nd6 20. Nc4 Rab8 21. Bg3 f6 22. Be2 b5 23. axb5 Nxb5 24. f4 Nc3 25. Qc2 Nxe2+ 26. Qxe2 exf4 27. Bxf4 Rxb3 28. Nxa5 Rc3 29. Rfb1 g5 30. Rb7 Qc8 31. Bd6 Rd8 32. Bg3 Re8 33. Rab1 Rc1+ 34. Rxc1 Qxc1+ 35. Kh2 Qc3 36. Nc4 Rf8 37. Nd6 Qc6 38. Qh5 f5 39. Qg6 Bd7 40. Be5 1-0

[Event "Abu Dhabi op 12th"]
[Site "Abu Dhabi"]
[Date "2002.08.19"]
[Round "8"]
[White "Poluljahov, Aleksandr"]
[Black "Umansky, Vladimir"]
[Result "1-0"]
[WhiteElo "2512"]
[BlackElo "2405"]
[PlyCount "64"]
[EventDate "2002.08.12"]
[EventType "swiss"]
[EventRounds "9"]
[EventCountry "UAE"]
[SourceTitle "CBM 089 Extra"]
[Source "ChessBase"]
[SourceDate "2002.09.10"]
[SourceVersion "2"]
[SourceVersionDate "2002.09.10"]
[SourceQuality "1"]

1. e4 c5 2. Nf3 Nc6 3. Bb5 e6 4. 0-0 Nge7 5. b3 Nd4 6. Nxd4 cxd4 7. Bb2 a6 8. Be2 Nc6 9. c3 Bc5 10. c4 0-0 11. d3 d5 12. Nd2 dxe4 13. Nxe4 Be7 14. f4 f5 15. Nf2 Bd6 16. Nh3 Qh4 17. Bc1 h6 18. Bf3 Bd7 19. Bd2 Kh7 20. Be1 Qd8 21. Bf2 e5 22. Bg3 exf4 23. Bxf4 Qc7 24. Bd5 Bxf4 25. Nxf4 g5 26. Ne6 Bxe6 27. Bxe6 Qe5 28. Re1 Qf6 29. Bd5 Rae8 30. Rf1 Kg7 31. g3 Re3 32. b4 Qe5 1-0

[Event "Abu Dhabi op 12th"]
[Site "Abu Dhabi"]
[Date "2002.08.17"]
[Round "6"]
[White "Khalid, Al Shaali"]
[Black "Umansky, Vladimir"]
[Result "0-1"]
[WhiteElo "2197"]
[BlackElo "2405"]
[PlyCount "86"]
[EventDate "2002.08.12"]
[EventType "swiss"]
[EventRounds "9"]
[EventCountry "UAE"]
[SourceTitle "CBM 089 Extra"]
[Source "ChessBase"]
[SourceDate "2002.09.10"]
[SourceVersion "2"]
[SourceVersionDate "2002.09.10"]
[SourceQuality "1"]

1. d4 Nf6 2. Nf3 g6 3. c4 Bg7 4. Nc3 0-0 5. e4 d6 6. Be2 Nbd7 7. 0-0 e5 8. Re1 h6 9. Bf1 Nh7 10. dxe5 dxe5 11. Be3 Re8 12. Qd2 h5 13. Rad1 c6 14. Re2 Qe7 15. Ne1 Nhf8 16. Nc2 Ne6 17. b4 Nd4 18. Nxd4 exd4 19. Bxd4 Qxb4 20. Bxg7 Kxg7 21. Qd4+ Kg8 22. e5 Nc5 23. Red2 Bf5 24. Qe3 Kg7 25. Ne2 Qb6 26. Ng3 Bg4 27. f3 h4 28. Ne2 Bf5 29. Nd4 Ne6 30. c5 Qb4 31. Nxe6+ Rxe6 32. Rc1 Rae8 33. Rc4 Qa5 34. Rxh4 Rxe5 35. Qh6+ Kf6 36. Rd6+ R5e6 37. Rxe6+ Rxe6 38. Qh8+ Ke7 39. Rd4 Re1 40. Qh4+ Ke8 41. Qf6 Re6 42. Qh8+ Ke7 43. Qb8 Kf6 0-1

[Event "MK Cafe Cup-B"]
[Site "Koszalin"]
[Date "1999.08.13"]
[Round "10"]
[White "Szymanski, Marcin"]
[Black "Umansky, Vladimir"]
[Result "1/2-1/2"]
[WhiteElo "2327"]
[BlackElo "2409"]
[PlyCount "95"]
[EventDate "1999.08.03"]
[EventType "swiss"]
[EventRounds "10"]
[EventCountry "POL"]
[SourceTitle "EXT 2000"]
[Source "ChessBase"]
[SourceDate "1999.11.16"]
[SourceVersion "1"]
[SourceVersionDate "1999.11.16"]
[SourceQuality "1"]

1. d4 g6 2. Nf3 Nf6 3. g3 Bg7 4. Bg2 0-0 5. 0-0 d6 6. b3 a5 7. a4 Nc6 8. Bb2 Bf5 9. Nbd2 Qc8 10. Re1 Bh3 11. Bh1 h6 12. Nc4 Qf5 13. Nh4 Qh5 14. e4 Qxd1 15. Raxd1 Rfd8 16. Na3 e5 17. d5 Nb4 18. Bg2 Bxg2 19. Nxg2 c6 20. dxc6 bxc6 21. f3 Ne8 22. Rd2 h5 23. Red1 Bh6 24. f4 exf4 25. gxf4 Rdb8 26. Nc4 d5 27. exd5 Nxd5 28. Be5 Rb7 29. Rf2 f6 30. Bb2 Kf7 31. Re1 Rd7 32. Ba3 Bf8 33. Bxf8 Kxf8 34. Rfe2 Ng7 35. Rd2 Raa7 36. Rde2 Kf7 37. Kf2 Nf5 38. Re8 Nb4 39. Rh8 Nxc2 40. Ree8 Nfd4 41. Nb6 Rdc7 42. Nc8 Rab7 43. Nh4 Rxb3 44. Rhf8+ Kg7 45. Rg8+ Kf7 46. Rgf8+ Kg7 47. Rg8+ Kf7 48. Rgf8+ 1/2-1/2

[Event "MK Cafe Cup-B"]
[Site "Koszalin"]
[Date "1999.08.12"]
[Round "9"]
[White "Umansky, Vladimir"]
[Black "Chekhova Kostina, Tatiana M"]
[Result "1-0"]
[WhiteElo "2409"]
[BlackElo "2243"]
[PlyCount "91"]
[EventDate "1999.08.03"]
[EventType "swiss"]
[EventRounds "10"]
[EventCountry "POL"]
[SourceTitle "EXT 2000"]
[Source "ChessBase"]
[SourceDate "1999.11.16"]
[SourceVersion "1"]
[SourceVersionDate "1999.11.16"]
[SourceQuality "1"]

1. d4 Nf6 2. Nf3 g6 3. c4 d6 4. Nc3 Nbd7 5. e4 e5 6. Be2 Bg7 7. 0-0 0-0 8. Qc2 c6 9. d5 c5 10. Bg5 h6 11. Bd2 Ne8 12. Bd3 Ndf6 13. g3 Nh5 14. Ne1 Bh3 15. Ng2 f5 16. exf5 gxf5 17. f3 Qf6 18. Rf2 Rf7 19. Re1 Bf8 20. Nd1 Rg7 21. f4 e4 22. Be2 Qf7 23. Bc3 Rh7 24. Nde3 Bg7 25. Bxg7 Rxg7 26. Bf1 Rh7 27. Nh4 Bxf1 28. Rexf1 Nhg7 29. Qc3 h5 30. b4 Rh6 31. Rb1 b6 32. a4 Qf6 33. Qxf6 Rxf6 34. a5 Rb8 35. Rfb2 Nc7 36. Kf2 Kf8 37. axb6 axb6 38. Ra2 Ke8 39. Ra7 Kd8 40. bxc5 dxc5 41. Rd1 b5 42. cxb5 Rxb5 43. d6 Rb2+ 44. Kg1 Nce8 45. Ra8+ Kd7 46. Nc4 1-0

[Event "Alushta-C"]
[Site "Alushta"]
[Date "1997.??.??"]
[Round "3"]
[White "Barshevich, Veniamin"]
[Black "Umansky, Vladimir"]
[Result "1-0"]
[WhiteElo "2235"]
[BlackElo "2375"]
[PlyCount "55"]
[EventDate "1997.??.??"]
[EventType "tourn"]
[EventRounds "9"]
[EventCountry "UKR"]
[EventCategory "3"]
[SourceTitle "EXT 2000"]
[Source "ChessBase"]
[SourceDate "1999.11.16"]
[SourceVersion "1"]
[SourceVersionDate "1999.11.16"]
[SourceQuality "1"]

1. Nf3 Nf6 2. c4 g6 3. g3 Bg7 4. Bg2 0-0 5. 0-0 d6 6. Nc3 e5 7. b4 a5 8. b5 Nbd7 9. Ba3 Re8 10. Rc1 Nc5 11. d3 e4 12. Nxe4 Nfxe4 13. dxe4 Nxe4 14. Nd4 Bd7 15. e3 Qe7 16. Qc2 Rad8 17. Rfd1 h5 18. Bb2 h4 19. Qe2 Qg5 20. Nf3 Qh6 21. Bxg7 Qxg7 22. Nd4 b6 23. Qc2 Qe5 24. Nf3 Qf6 25. Rd4 Bf5 26. g4 Bxg4 27. Rxe4 Bxf3 28. Rf4 1-0

[Event "Alushta-C"]
[Site "Alushta"]
[Date "1997.??.??"]
[Round "5"]
[White "Murashko, Vyacheslav L"]
[Black "Umansky, Vladimir"]
[Result "1-0"]
[WhiteElo "2430"]
[BlackElo "2375"]
[PlyCount "73"]
[EventDate "1997.??.??"]
[EventType "tourn"]
[EventRounds "9"]
[EventCountry "UKR"]
[EventCategory "3"]
[SourceTitle "EXT 2000"]
[Source "ChessBase"]
[SourceDate "1999.11.16"]
[SourceVersion "1"]
[SourceVersionDate "1999.11.16"]
[SourceQuality "1"]

1. c4 Nf6 2. Nc3 g6 3. e4 d6 4. d4 Bg7 5. Be2 0-0 6. Bg5 Na6 7. Qd2 e5 8. d5 Qe8 9. h4 Nd7 10. h5 f6 11. Be3 f5 12. Bh6 Nf6 13. hxg6 Qxg6 14. exf5 Bxf5 15. Bxg7 Qxg7 16. Nf3 Nc5 17. 0-0-0 a5 18. Nh4 Bd7 19. Qe3 Ng4 20. Bxg4 Qxg4 21. Rh3 Qf4 22. Rg3+ Kh8 23. Rh1 Qxe3+ 24. fxe3 Be8 25. e4 Rf4 26. Nf5 Nxe4 27. Nxe4 Rxf5 28. Rh6 Rf7 29. Nf6 Bd7 30. Rf3 b6 31. Kd2 Rd8 32. Ke3 Bc8 33. g4 Kg7 34. g5 Rh8 35. Nh5+ Kg8 36. Rxf7 Kxf7 37. g6+ 1-0

[Event "Legnica"]
[Site "Legnica"]
[Date "1996.??.??"]
[Round "6"]
[White "Nizialek, Ryszard"]
[Black "Umansky, Vladimir"]
[Result "1-0"]
[WhiteElo "2180"]
[BlackElo "2320"]
[PlyCount "93"]
[EventDate "1996.??.??"]
[EventType "tourn"]
[EventRounds "9"]
[EventCountry "POL"]
[EventCategory "4"]
[SourceTitle "EXT 1999"]
[Source "ChessBase"]
[SourceDate "1998.11.16"]
[SourceVersion "1"]
[SourceVersionDate "1998.11.16"]
[SourceQuality "1"]

1. Nf3 Nf6 2. c4 g6 3. Nc3 Bg7 4. e4 d6 5. d4 0-0 6. Be2 Na6 7. 0-0 e5 8. d5 Nc5 9. Qc2 a5 10. b3 Bg4 11. Be3 Nh5 12. Nd2 Bxe2 13. Nxe2 b6 14. a3 f5 15. Rab1 Qd7 16. f3 fxe4 17. Nxe4 Nxe4 18. Qxe4 Rae8 19. Nc3 Nf6 20. Qd3 e4 21. fxe4 Ng4 22. Bd4 Ne5 23. Rxf8+ Rxf8 24. Bxe5 Bxe5 25. Rf1 Rxf1+ 26. Kxf1 Qg4 27. Ne2 Bxh2 28. g3 Qh3+ 29. Kf2 h5 30. Nf4 Qg4 31. Kg2 g5 32. Ne6 Bxg3 33. Qxg3 Qxe4+ 34. Qf3 Qe5 35. Qd3 Qb2+ 36. Kh3 Qf6 37. b4 axb4 38. axb4 c5 39. b5 Kh8 40. Qe2 Kg8 41. Qxh5 Qf1+ 42. Kg4 Qxc4+ 43. Kf5 Qxd5+ 44. Kf6 Qe5+ 45. Ke7 c4 46. Qg6+ Kh8 47. Kf7 1-0

[Event "Legnica"]
[Site "Legnica"]
[Date "1996.??.??"]
[Round "3"]
[White "Umansky, Vladimir"]
[Black "Cyborowski, Lukasz"]
[Result "1/2-1/2"]
[WhiteElo "2320"]
[BlackElo "2240"]
[PlyCount "82"]
[EventDate "1996.??.??"]
[EventType "tourn"]
[EventRounds "9"]
[EventCountry "POL"]
[EventCategory "4"]
[SourceTitle "EXT 1999"]
[Source "ChessBase"]
[SourceDate "1998.11.16"]
[SourceVersion "1"]
[SourceVersionDate "1998.11.16"]
[SourceQuality "1"]

1. d4 Nf6 2. c4 c5 3. d5 d6 4. Nc3 g6 5. e4 Bg7 6. f4 0-0 7. Be2 e6 8. Nf3 exd5 9. cxd5 Bg4 10. 0-0 Nbd7 11. a4 Re8 12. h3 Bxf3 13. Bxf3 Qa5 14. Bd2 c4 15. Kh1 Qb6 16. a5 Qxb2 17. Rb1 Qa3 18. Nb5 Qc5 19. Re1 Bf8 20. Be3 Qc8 21. Bxa7 Nc5 22. Bxc5 Qxc5 23. e5 c3 24. Qd3 c2 25. Rbc1 Rxa5 26. Nc3 Ra3 27. Rxc2 Bh6 28. g3 Bg7 29. Qd2 Rc8 30. exf6 Bxf6 31. Ne4 Qxc2 32. Nxf6+ Kg7 33. Ne8+ Kf8 34. Qb4 Rxf3 35. Qxd6+ Kg8 36. Qe5 Rxe8 37. Qxe8+ Kg7 38. Qe5+ Kg8 39. Qe8+ Kg7 40. Qe5+ Kg8 41. Qf6 Re3 1/2-1/2